Medzinárodné daňové spory - najčastejšie príčiny a prístupy k ich riešeniu diplomová práca

Salvato in:
Dettagli Bibliografici
Autore principale: Kočíšková, Lenka
Ente Autore: Národohospodárska fakulta EU. Katedra financií
Altri autori: Kubicová, Jana, 1961-
Natura: Libro
Lingua:slovacco
Pubblicazione: Bratislava 2021
Tags: Aggiungi Tag
Nessun Tag, puoi essere il primo ad aggiungerne!!

MARC

LEADER 00000nbm a2200000 4500
001 0274225
005 20220104091206.9
041 0 |a slo 
044 |a SK 
245 1 0 |a Medzinárodné daňové spory - najčastejšie príčiny a prístupy k ich riešeniu  |b diplomová práca  |c Lenka Kočíšková ; školiteľ: Jana Kubicová 
264 1 |a Bratislava  |c 2021 
300 |a 56 s. 
100 1 |a Kočíšková, Lenka 
700 1 |a Kubicová, Jana, 1961- 
710 2 |a Národohospodárska fakulta EU. Katedra financií